| 000 | 01381nam a2200325Ia 4500 | ||
|---|---|---|---|
| 001 | ebr10141461 | ||
| 003 | CaPaEBR | ||
| 006 | m u | ||
| 007 | cr cn||||||||| | ||
| 008 | 940414s1994 qucab sb 001 0 eng d | ||
| 010 | _z 95173930 | ||
| 015 | _aC94-900376-X | ||
| 020 | _z0773512195 (alk. paper) | ||
| 040 |
_aCaPaEBR _cCaPaEBR |
||
| 035 | _a(OCoLC)243500893 | ||
| 050 | 1 | 4 |
_aDT3113 _b.A54 1994eb |
| 100 | 1 | _aAnglin, Douglas George. | |
| 245 | 1 | 0 |
_aZambian crisis behaviour _h[electronic resource] : _bconfronting Rhodesia's unilateral declaration of independence, 1965-1966 / _cDouglas G. Anglin. |
| 260 |
_aMontreal : _bMcGill-Queen's University Press, _cc1994. |
||
| 300 |
_axvi, 389 p. : _bill., map. |
||
| 504 | _aIncludes bibliographical references and index. | ||
| 533 |
_aElectronic reproduction. _bPalo Alto, Calif. : _cebrary, _d2009. _nAvailable via World Wide Web. _nAccess may be limited to ebrary affiliated libraries. |
||
| 650 | 0 |
_aCrisis management in government _zZambia. |
|
| 651 | 0 |
_aZambia _xPolitics and government _y1964-1991. |
|
| 651 | 0 |
_aZambia _xForeign relations _zZimbabwe. |
|
| 651 | 0 |
_aZimbabwe _xForeign relations _zZambia. |
|
| 655 | 7 |
_aElectronic books. _2local |
|
| 710 | 2 | _aebrary, Inc. | |
| 856 | 4 | 0 |
_uhttp://site.ebrary.com/lib/rucke/Doc?id=10141461 _zAn electronic book accessible through the World Wide Web; click to view |
| 999 |
_c83653 _d83653 |
||